00459nam a2200157 450000500170000002000150001708200120003210000510004424500570009525000100015226000290016230000080019149000340019952000340023365000340026720251004131636.0 a0851867529 a546 INO aInorganic Chemistry of the main-group Elements aInorganic Chemistry of the main-group Elements vol.1 avol.1 aLondonbChemical Society a444 aSpecialist Periodical Reports aSpecialist Periodical Reports aChemistryaIorganic Chemistry